Chuột hại lúa ở Việt Nam và phòng trừ tổng hợp
Sparad:
| Huvudupphovsman: | |
|---|---|
| Materialtyp: | Bok |
| Språk: | Undetermined |
| Publicerad: |
H.
Nông Nghiệp
1999
|
| Ämnen: | |
| Taggar: |
Lägg till en tagg
Inga taggar, Lägg till första taggen!
|
| Thư viện lưu trữ: | Trung tâm Học liệu Trường Đại học Cần Thơ |
|---|
| LEADER | 00591nam a2200181Ia 4500 | ||
|---|---|---|---|
| 001 | CTU_37345 | ||
| 008 | 210402s9999 xx 000 0 und d | ||
| 082 | |a 632.9 | ||
| 082 | |b B305 | ||
| 100 | |a Phạm Văn Biên | ||
| 245 | 0 | |a Chuột hại lúa ở Việt Nam và phòng trừ tổng hợp | |
| 245 | 0 | |c Phạm Văn Biên | |
| 260 | |a H. | ||
| 260 | |b Nông Nghiệp | ||
| 260 | |c 1999 | ||
| 650 | |a field crops,pests,plants, protection of,rice | ||
| 650 | |x diseases and pests,control,diseases and pests | ||
| 980 | |a Trung tâm Học liệu Trường Đại học Cần Thơ | ||